| 000 | 00657nam a22002057a 4500 | ||
|---|---|---|---|
| 005 | 20180625170120.0 | ||
| 010 | _aENG-123303 | ||
| 020 | _c390.00 | ||
| 035 | _aEN-106835 | ||
| 037 | _bDBAD/PUB | ||
| 082 | _a954.31 | ||
| 245 |
_aHistorical heritage of the tamils / _cedited by S.V. Subramnian [and] K.D.Thirunavukkarasu |
||
| 260 |
_aCehnnai _bInternational Institute of Tamil Studires _c2010 |
||
| 270 |
_aMain Road,C.I.T.Compus, _bCehnnai _e600113 _k011-22542992 |
||
| 300 |
_a672p. _c22cm(pbk) |
||
| 500 | _aIt includes index | ||
| 700 | _aSubramanian,S.V. | ||
| 710 | _aThirunavukkarasu,K.D. | ||
| 942 |
_2ddc _cEN _mHIS _h954.31 |
||
| 999 |
_c153079 _d153079 |
||